عرض عادي
عرض مارك
- Thiel, David V.
مدخل إسم شخص
001 - رقم الضبط
- حقل الضبط: 18466
003 - معرف رقم الضبط
- حقل الضبط: OSt
005 - تاريخ ووقت أخر عملية
- حقل الضبط: 20121225164600.0
008 - عناصر بيانات ثابتة الطول
- حقل تحكم ثابت الطول: 121225|||a|||||| | ||| d
040 ## - مصدر الفهرسة
- هيئة الفهرسة الأصلية: OSt
- وكالة الكتابة: OSt
100 ## - مدخل -- أسم شخص
- إسم شخص: Thiel, David V.
670 ## - بيانات المصدر موجوده
- الاستشهاد بالمصدر: Work cat.: (OSt)0: Dwivedi, Himanshu. 18462, Mobile application security /, c2010.
